LEADER 03749nam 22006854a 450 001 9910965967203321 005 20251116220214.0 010 $a0-309-17902-5 010 $a1-280-93463-8 010 $a9786610934638 010 $a0-309-66525-6 035 $a(CKB)1000000000475769 035 $a(EBL)3564124 035 $a(SSID)ssj0000179517 035 $a(PQKBManifestationID)11165261 035 $a(PQKBTitleCode)TC0000179517 035 $a(PQKBWorkID)10138732 035 $a(PQKB)10061560 035 $a(MiAaPQ)EBC3564124 035 $a(Au-PeEL)EBL3564124 035 $a(CaPaEBR)ebr10180649 035 $a(CaONFJC)MIL93463 035 $a(OCoLC)226376823 035 $a(BIP)53854445 035 $a(BIP)14229279 035 $a(EXLCZ)991000000000475769 100 $a20071108d2007 uy 0 101 0 $aeng 135 $aurcn||||||||| 181 $ctxt 182 $cc 183 $acr 200 00$aInnovation policies for the 21st century $ereport of a symposium /$fCharles W. Wessner, editor ; Committee on Comparative Innovation Policy: Best Practice for the 21st Century, Board on Science, Technology, and Economic Policy, Policy and Global Affairs, National Research Council of the National Academies 205 $a1st ed. 210 $aWashington, D.C. $cNational Academies Press$dc2007 215 $a1 online resource (222 p.) 300 $aReport from an international symposium held on April 15, 2007 in Washington, D.C. 311 08$a0-309-10316-9 320 $aIncludes bibliographical references (p. 200-206). 327 $a""Front Matter""; ""Contents""; ""Preface""; ""I INTRODUCTION""; ""Innovation Policies for the 21st Century""; ""II PROCEEDINGS""; ""Welcome Remarks""; ""Opening Remarks""; ""Panel I: An Overview of the Global Challenge""; ""Panel II: New National Models""; ""Luncheon Address in the Great Hall""; ""Panel III: New Models in Japan, Taiwan, and China""; ""Panel IV: Evolution of Technology Partnerships in the United States""; ""Panel V: Discussion Roundtable: What Are the Conditions for Success?""; ""III APPENDIXES""; ""Appendix A Biographies of Speakers""; ""Appendix B Participants List"" 327 $a""Appendix C Bibliography"" 330 $aTo mark the opening of a study of Comparative Innovation Policy: Best Practice for the 21st Century the Board on Science, Technology, and Economic Policy (STEP) convened a symposium providing an overview of areas to be examined in the study and topics requiring further policy attention. The event highlighted the policies and programs of leading nations and provided valuable insights into some of the common challenges of growing and supporting high-technology industry and the commercialization of public investments in R&D. This report contains a summary of the symposium proceedings and an introduction analyzing the issues and placing them in a broader policy context. 517 1 $aComparative innovation policy 606 $aTechnological innovations$xGovernment policy$zUnited States$vCongresses 606 $aTechnology and state$vCongresses 606 $aTechnology$xResearch$vCongresses 615 0$aTechnological innovations$xGovernment policy 615 0$aTechnology and state 615 0$aTechnology$xResearch 676 $a338/.064 701 $aWessner$b Charles W$0857991 712 02$aNational Research Council (U.S.).$bCommittee on Comparative Innovation Policy: Best Practice for the 21st Century. 712 02$aNational Research Council (U.S.).$bPolicy and Global Affairs. 801 0$bMiAaPQ 801 1$bMiAaPQ 801 2$bMiAaPQ 906 $aBOOK 912 $a9910965967203321 996 $aInnovation policies for the 21st century$94469889 997 $aUNINA